LIBRARY & INFORMATION CENTRE, KCAET, TAVANUR

ONLINE PUBLIC ACCESS CATALOGUE (OPAC)

Environmental physics (Record no. 14697)

MARC details
000 -LEADER
fixed length control field 00333nam a22001337a 4500
020 ## - INTERNATIONAL STANDARD BOOK NUMBER
ISBN 9780415201919
082 ## - DEWEY DECIMAL CLASSIFICATION NUMBER
Classification number 530
Item number SMI/EN
100 ## - MAIN ENTRY--AUTHOR NAME
Personal name Smith, Clare
245 ## - TITLE STATEMENT
Title Environmental physics
260 ## - PUBLICATION, DISTRIBUTION, ETC. (IMPRINT)
Place of publication New York
Name of publisher Routledge
Year of publication 2012
490 ## - SERIES STATEMENT
Series statement Routledge Introductions to environment
500 ## - GENERAL NOTE
General note Indian Edition
942 ## - ADDED ENTRY ELEMENTS (KOHA)
Koha item type Books
Holdings
Withdrawn status Lost status Damaged status Collection code Home library Current library Shelving location Date acquired Cost, normal purchase price Full call number Accession Number Koha item type
        KAUAET KAUAET General Stacks 28/07/2016 695.00 530 SMI/EN 24254 Books
free website counter